[Event "SWE-chB"]
[Site "Borlange"]
[Date "1995.??.??"]
[Round "?"]
[White "Lind, Jan Olov"]
[Black "Lindberg, Bengt"]
[Result "1-0"]
[WhiteElo "2270"]
[BlackElo "2335"]

1.e4 c5 2.Nf3 e6 3.d4 cxd4 4.Nxd4 Nc6 5.Nc3 a6 6.f4 d5 7.e5 Nge7 8.Nf3 Nf5
9.Bd3 g6 10.Qe2 Qb6 11.g4 Nfd4 12.Nxd4 Nxd4 13.Qg2 Be7 14.h4 Bd7 15.h5 O-O-O
16.Ne2 Nxe2 17.Qxe2 gxh5 18.Rxh5 f6 19.Qe3 Bc5 20.Qg3 fxe5 21.Rxe5 Bd4 22.Be3 Bxe3
23.Qxe3 Qxb2 24.Rd1 Rhg8 25.g5 Rg7 26.Ke2 Kb8 27.Rh1 Rc8 28.Qc1 Qxa2 29.Qa1 Qxa1
30.Rxa1 Rf8 31.Ke3 d4+ 32.Kf3 Rgf7 33.f5 exf5 34.Kf4 Bc8 35.Rh1 Rg8 36.Bc4 Rgf8
37.Bxf7 Rxf7 38.Rd5 Bd7 39.Rxd4 Bc6 40.Rh6 Be4 41.Rd8+ Ka7 42.Rh8 Rc7 43.R6xh7 Rxc2
44.g6 Rg2 45.g7 Bd5 46.Ke5 Bb3 47.Kf6 f4 48.Rh2 Rg1 49.Rh1 Rg4 50.R1h4 Rg2
51.Rxf4 b5 52.Rf5 Kb6 53.Rg5 Rb2 54.g8=Q Bxg8 55.Rhxg8 a5 56.Rg2 Rb1 57.Rg1 Rb2
58.R8g2 Rb3 59.Ke5 a4 60.Rg3 Rb4 61.Kd5 Rb2 62.Kd4 Ka5 63.Kc3 Rh2 64.R1g2 Rh1
65.Kb2 Rf1 66.Ka2 Rf5 67.Rg5 Rf8 68.Rb2 Rb8 69.Ka3 Rb6 70.Rg8 Ka6 71.Ra8+ Kb7
72.Ra5  1-0

[Event "Ciocaltea mem"]
[Site "Bucharest"]
[Date "1995.??.??"]
[Round "5"]
[White "Moldovan, Daniel"]
[Black "Brodsky, Michail"]
[Result "1/2-1/2"]
[WhiteElo "2420"]
[BlackElo "2535"]

1.e4 c5 2.Nf3 e6 3.d4 cxd4 4.Nxd4 Nc6 5.Nc3 Qc7 6.f4 a6 7.Be2 b5 8.Nxc6 Qxc6
9.Bf3 Bb7 10.a3 Rc8 11.Be3 Qc7 12.Qd4 Ne7 13.O-O-O Nc6 14.Qb6 Qxb6 15.Bxb6 d6
16.Rd2 Be7 17.Rhd1 b4 18.axb4 Nxb4 19.Rd4 Nc6 20.Ra4  1/2-1/2

[Event "Bucharest"]
[Site "Bucharest"]
[Date "1995.??.??"]
[Round "5"]
[White "Khachian, Melikset"]
[Black "Berechet, Otiliu"]
[Result "1-0"]
[WhiteElo "2400"]
[BlackElo "2415"]

1.e4 c5 2.Nf3 e6 3.d4 cxd4 4.Nxd4 Nc6 5.Nc3 Qc7 6.Be2 a6 7.O-O b5 8.Nxc6 Qxc6
9.Bf3 Bb7 10.e5 Qc7 11.Bxb7 Qxb7 12.Re1 Rc8 13.Ne4 Rc4 14.Qf3 Qc7 15.Bf4 Rxc2
16.Rac1 Rc4 17.Rxc4 bxc4 18.Rc1 Bb4 19.a3 Be7 20.b3 Qa5 21.g4 f6 22.Rxc4 Qxa3
23.Rc8+ Kf7 24.Ng5+ Kg6 25.Qd3+ f5 26.Qxd7 Qxb3 27.Qe8+  1-0

[Event "Ciocaltea mem"]
[Site "Bucharest"]
[Date "1995.??.??"]
[Round "11"]
[White "Nisipeanu, Liviu Dieter"]
[Black "Brodsky, Michail"]
[Result "1/2-1/2"]
[WhiteElo "2420"]
[BlackElo "2535"]

1.e4 c5 2.Nf3 Nc6 3.d4 cxd4 4.Nxd4 e6 5.Nc3 a6 6.Be3 Nf6 7.Bd3 d5 8.exd5 exd5
9.O-O Bd6 10.h3 O-O 11.Nce2 h6 12.c3 Re8 13.Nf3  1/2-1/2

[Event "Spring op"]
[Site "Budapest"]
[Date "1995.??.??"]
[Round "?"]
[White "Lengyel, Bela"]
[Black "Parkanyi, Attila"]
[Result "1-0"]
[WhiteElo "2320"]
[BlackElo "2325"]

1.e4 c5 2.Nf3 e6 3.d4 cxd4 4.Nxd4 Nc6 5.Nc3 a6 6.Be3 Qc7 7.Be2 Nf6 8.O-O Bb4
9.Na4 O-O 10.Nxc6 bxc6 11.f4 d5 12.e5 Nd7 13.c4 Be7 14.Rc1 Qb7 15.Kh1 Rb8
16.b3 f6 17.Bg4 f5 18.Bf3 Rd8 19.Qe2 Ba3 20.Rc2 a5 21.Rg1 Nf8 22.Qf2 Re8
23.g4 fxg4 24.Rxg4 Qf7 25.Qg3 Ng6 26.cxd5 cxd5 27.Rg2 Bb7 28.Nc3 Ba6 29.Ne2 Bxe2
30.Bxe2 Bf8 31.Bd3 Ne7 32.Qe1 a4 33.bxa4 Nf5 34.Bg1 Kh8 35.a5 Bb4 36.Qf2 g6
37.a6 d4 38.Qf3 Bc3 39.h4 Rbc8 40.Bf2 Rc7 41.h5 gxh5 42.Rg5 Rf8 43.Rxh5 Bd2
44.Bxf5 exf5 45.Bxd4 Rc1+ 46.Rg1 Rxg1+ 47.Kxg1 Rg8+ 48.Rg5 Rxg5+ 49.fxg5 Qc4
50.Bf2 Qxa6 51.Qxf5 Qa8 52.Qf6+ Kg8 53.e6  1-0

[Event "Spring op"]
[Site "Budapest"]
[Date "1995.??.??"]
[Round "?"]
[White "Cicak, Slavko"]
[Black "Medvegy, Nora"]
[Result "1-0"]
[WhiteElo "2350"]
[BlackElo "2235"]

1.e4 c5 2.Nf3 e6 3.d4 cxd4 4.Nxd4 Nc6 5.Nc3 Qc7 6.Nxc6 dxc6 7.f4 e5 8.f5 Bc5
9.Na4 Be7 10.c4 Nf6 11.Bd3 O-O 12.O-O b5 13.Nc3 Rd8 14.Qe2 Qd7 15.Rd1 Bc5+
16.Kh1 b4 17.Na4 Bd4 18.c5 Qc7 19.Rb1 Qa5 20.b3 Nd7 21.Bc4 Qc7 22.Rd3 Nf6
23.g4 Kh8 24.g5 Ng8 25.Bd2 a5 26.Rf1 Ra7 27.Rh3 g6 28.Rh4 Qe7 29.Qf3 Bxc5
30.Rxh7+ Kxh7 31.Qh3+ Kg7 32.f6+ Nxf6 33.gxf6+ Qxf6 34.Qh6+ Kg8 35.Rxf6 Rxd2  1-0

[Event "Budapest FS11 IM-A"]
[Site "Budapest"]
[Date "1995.??.??"]
[Round "2"]
[White "Honfi, Karoly"]
[Black "Perdomo, Carlos Andres"]
[Result "1/2-1/2"]
[WhiteElo "2390"]
[BlackElo "2320"]

1.e4 c5 2.Nf3 e6 3.d4 cxd4 4.Nxd4 Nc6 5.Nc3 Qc7 6.g3 a6 7.Bg2 d6 8.O-O Bd7
9.Be3 Nf6 10.Qe2 Ne5 11.Rad1 Rc8 12.f4 Nc4 13.Bc1 b5 14.a3 Be7 15.Rd3 a5
16.b3 e5 17.Nf5 Bxf5 18.exf5 Nb6 19.fxe5 dxe5 20.Nxb5 Qxc2 21.Qxc2 Rxc2 22.Nd6+ Kf8
23.Be3 Nbd7 24.Rf2 Rxf2 25.Bxf2 g6 26.Bc6 Bxd6 27.Rxd6 Ke7 28.Rd1 gxf5 29.Be1 Rb8
30.Bxa5 Rxb3 31.Bb4+ Kd8 32.Rf1 f4 33.gxf4 e4 34.Re1 Rf3 35.Bxe4 Rxf4 36.Bc2 h5
37.Bb3 Rg4+ 38.Kf2 Rf4+ 39.Kg3 Rg4+ 40.Kf3 Rg5 41.Bxf7 Ne5+ 42.Kf4 Nxf7 43.Be7+ Kd7
44.Bxf6 Rg4+ 45.Kf3 Nd6 46.Bc3 Nf5 47.Re4 Nh4+ 48.Ke3 Ng2+ 49.Kd3 Nf4+ 50.Kc4 Ne2
51.Rxg4 hxg4 52.Be5 Kc6 53.Kd3 Ng1  1/2-1/2

[Event "Budapest FS08 GM"]
[Site "Budapest"]
[Date "1995.??.??"]
[Round "2"]
[White "Borocz, Istvan"]
[Black "Petrosian, Karen"]
[Result "0-1"]
[WhiteElo "2410"]
[BlackElo "2400"]

1.e4 c5 2.Nf3 e6 3.d4 cxd4 4.Nxd4 Nc6 5.Nc3 Nf6 6.Ndb5 d6 7.Bf4 e5 8.Bg5 a6
9.Na3 b5 10.Bxf6 gxf6 11.Nd5 f5 12.c3 Bg7 13.exf5 Bxf5 14.Nc2 Be6 15.Nce3 Ne7
16.g3 Nxd5 17.Nxd5 O-O 18.Bg2 Rc8 19.O-O a5 20.a4 bxa4 21.Qxa4 Rc5 22.Rfd1 f5
23.b4 axb4 24.cxb4 Rc4 25.Qb5 Rg4 26.Ra6 Bc8 27.Ra8 Qd7 28.Qb6 Kh8 29.Ra7 Qe6
30.Ra8 f4 31.b5 fxg3 32.hxg3 Rd4 33.Raa1 Qf7 34.f4 Qg6 35.Rxd4 exd4 36.Kh2 Re8
37.Qa5 d3 38.Re1 Qh5+ 39.Kg1 Bd4+ 40.Kf1 Bh3 41.Rxe8+ Qxe8 42.Qd2 Qe4 43.Ne3 Bxe3  0-1

[Event "Schneider mem op"]
[Site "Budapest"]
[Date "1995.??.??"]
[Round "5"]
[White "Boros, Daniel"]
[Black "Szirti, Almos"]
[Result "1-0"]
[WhiteElo "2285"]
[BlackElo "2150"]

1.e4 c5 2.Nc3 e6 3.Nge2 Nc6 4.d4 cxd4 5.Nxd4 Bb4 6.Nb5 a6 7.Nd6+ Bxd6 8.Qxd6 Qh4
9.g3 Qf6 10.Bf4 g5 11.Be3 Qf3 12.Rg1 Nf6 13.Be2 Nxe4 14.Qd3 Nxf2 15.Bxf3 Nxd3+
16.cxd3 h6 17.Bxc6 dxc6 18.Bd4 O-O 19.Bf6 b6 20.O-O-O Ra7 21.g4 Kh7 22.h4 Kg6
23.hxg5 hxg5 24.Ne4 c5 25.Bxg5 Bb7 26.Be3 Bd5 27.Kb1 c4 28.Nc3 Bf3 29.Rdf1  1-0

[Event "Budapest FS11 IM-A"]
[Site "Budapest"]
[Date "1995.??.??"]
[Round "6"]
[White "Kutuzovic, Branko"]
[Black "Murzin, Lenar"]
[Result "1/2-1/2"]
[WhiteElo "2400"]
[BlackElo "2265"]

1.Nc3 c5 2.e4 Nc6 3.Nf3 e6 4.d4 cxd4 5.Nxd4 d6 6.Be3 Nf6 7.f3 Be7 8.Qd2 a6
9.O-O-O Qc7 10.g4 O-O 11.h4 b5 12.Nxc6 Qxc6 13.h5 Nd7 14.Ne2 Ne5 15.Nd4 Qc7
16.g5 Bb7 17.g6 Bf6 18.h6  1/2-1/2

[Event "HUN-ch (Women)"]
[Site "Budapest"]
[Date "1995.??.??"]
[Round "8"]
[White "Porubszky Angyalosine, Maria A"]
[Black "Medvegy, Nora"]
[Result "1-0"]
[WhiteElo "2225"]
[BlackElo "2235"]

1.e4 c5 2.Nf3 e6 3.d4 cxd4 4.Nxd4 Nc6 5.Nc3 Qc7 6.g3 a6 7.Bg2 Nf6 8.O-O Be7
9.Re1 d6 10.a4 O-O 11.Nde2 b6 12.b3 Bb7 13.Bb2 Rac8 14.Qd2 Rfd8 15.Rac1 Nb8
16.Qf4 Nbd7 17.h3 Qb8 18.g4 Rc7 19.Qe3 Rdc8 20.Rcd1 Ne8 21.g5 Ba8 22.Ba3 b5
23.axb5 axb5 24.Bb4 Ne5 25.Nd4 Nc6 26.Nxc6 Bxc6 27.Ra1 Qb7 28.Ra5 Ra8 29.Rea1 Rxa5
30.Rxa5 f5 31.gxf6 Bxf6 32.f3 Rf7 33.Ra2 Be5 34.Kh1 Qe7 35.Ra1 Qh4 36.Kg1 Qf6
37.Rd1 h6 38.Ne2 Qh4 39.Qf2 Qxf2+ 40.Kxf2 Bxe4 41.c4 bxc4 42.bxc4 Ba8 43.c5 d5
44.h4 Rb7 45.Bd2 Kf7 46.f4 Bf6 47.h5 Rb2 48.Nc1 Bd4+ 49.Ke1 Bxc5 50.Nd3 Rc2
51.Bh3 Bd6 52.Ra1 Bb7 53.Ra7 Rc7 54.Ba5 Rd7 55.Ne5+ Bxe5 56.fxe5 Bc6 57.Ra6 Bb5
58.Bxe6+ Ke7 59.Bb4+ Nd6 60.Rxd6 Rxd6 61.Bxd5 Be8 62.Bxd6+ Kd7 63.Bf8 Bxh5
64.Bxg7 Bg4 65.Bxh6  1-0

[Event "Budapest FS06 GM"]
[Site "Budapest"]
[Date "1995.??.??"]
[Round "8"]
[White "Liss, Eran"]
[Black "Horvath, Jozsef"]
[Result "1-0"]
[WhiteElo "2465"]
[BlackElo "2515"]

1.e4 c5 2.Nf3 e6 3.d4 cxd4 4.Nxd4 Nc6 5.Nc3 Qc7 6.Be2 a6 7.O-O Nf6 8.Be3 Be7
9.f4 d6 10.Qe1 O-O 11.Qg3 Nxd4 12.Bxd4 b5 13.a3 Bb7 14.Rae1 Rae8 15.Kh1 Bd8
16.e5 dxe5 17.Bxe5 Qb6 18.Rd1 Kh8 19.Rd6 Qc5 20.Rd7 Qc8 21.Rxb7 Qxb7 22.Bd3 Qe7
23.Ne4 Nh5 24.Qf3 f5 25.Nd6 Nf6 26.Nxe8 Rxe8 27.Qc6 Ng4 28.Bd6 Qf7 29.h3 Nf6
30.Qxa6  1-0

[Event "HUN-ch Super"]
[Site "Budapest"]
[Date "1995.??.??"]
[Round "9"]
[White "Sax, Gyula"]
[Black "Szabolcsi, Janos"]
[Result "0-1"]
[WhiteElo "2550"]
[BlackElo "2475"]

1.e4 c5 2.Nf3 e6 3.d4 cxd4 4.Nxd4 Nc6 5.Nc3 Qc7 6.Be2 a6 7.O-O Nf6 8.Be3 Bb4
9.Na4 O-O 10.c4 Bd6 11.g3 Nxe4 12.Bf3 f5 13.Bxe4 fxe4 14.c5 Be7 15.Qc2 Nxd4
16.Bxd4 d5 17.Qc3 Rf3 18.Be5 Qc6 19.Qc2 Bd7 20.Nb6 Raf8 21.b4 Be8 22.Qb2 Bf6
23.a4 a5 24.Bxf6 R3xf6 25.bxa5 Qxc5 26.Qd2 d4 27.Rac1 e3 28.Rxc5 exd2 29.f4 e5
30.Rd1 exf4 31.Nd5 Re6 32.Rxd2 fxg3 33.hxg3 Re1+ 34.Kh2 Bxa4 35.Rc7 d3 36.Ne7+ Kf7
37.Nc6+ Kg6 38.Nd4 Rd8 39.Rxd3 Re4 40.Rc4 Bb5  0-1

[Event "Budapest Hungaroil"]
[Site "Budapest"]
[Date "1995.??.??"]
[Round "9"]
[White "Rigo, Janos"]
[Black "Fogarasi, Tibor"]
[Result "0-1"]
[WhiteElo "2310"]
[BlackElo "2500"]

1.e4 c5 2.Nf3 e6 3.d4 cxd4 4.Nxd4 Nc6 5.Nc3 Qc7 6.Nb3 a6 7.Bd3 b5 8.O-O Nf6
9.f4 d6 10.Kh1 Be7 11.Qf3 Bb7 12.Qh3 O-O 13.e5 dxe5 14.fxe5 Nxe5 15.Bf4 g6
16.Rae1 Nfd7 17.Nd4 Bd6 18.Be4 Rfe8 19.Ncxb5 axb5 20.Nxb5 Qb6 21.Nxd6 Qxd6
22.Bxb7 Rxa2 23.Qc3 Qb6 24.Rxe5 Nxe5 25.Qxe5 Qxb7 26.Bh6 f5 27.Bd2 Qd5 28.Qc3 Qb5
29.Rb1 Rd8 30.Qf6 Qd5 31.Re1 Rf8 32.Qc3 f4 33.Re5 Ra1+ 34.Be1 Qd6 35.h4 Rd1
36.Re2 Qd5 37.Re5 Qd6 38.Re2 Rd5 39.Qf3 Qb6 40.c4 Rd1 41.Kh2 Rb1 42.Bf2 Qc7
43.c5 Rd8 44.Qe4 f3+ 45.Bg3 fxe2 46.Bxc7 e1=Q 47.Qxe1 Rxe1 48.Bxd8 Rc1 49.Be7 Kf7
50.Bd6 Rc4 51.h5 gxh5 52.Kg3 Kf6 53.Kf3 Rb4 54.c6 Rxb2 55.c7 Rc2 56.Ke4 Rc4+
57.Kd3 Rc6 58.Ke4 h4 59.Be5+ Ke7 60.Kf3 Rc4  0-1

[Event "Budapest FS08 IM-A"]
[Site "Budapest"]
[Date "1995.??.??"]
[Round "11"]
[White "Petit, Rene"]
[Black "Meyer, P."]
[Result "0-1"]
[WhiteElo "2155"]
[BlackElo "2350"]

1.e4 c5 2.Nf3 e6 3.d4 cxd4 4.Nxd4 Nc6 5.Nc3 Qc7 6.Be3 a6 7.Be2 Nf6 8.f4 Bb4
9.Bf3 d6 10.O-O Bd7 11.Nce2 Bc5 12.Qd2 Qb6 13.c3 e5 14.Nc2 O-O 15.b4 Bxe3+
16.Qxe3 Qc7 17.f5 Ne7 18.Ng3 Rac8 19.Ne2 d5 20.Rac1 Rfd8 21.Na1 Bb5 22.Nb3 b6
23.Rfd1 a5 24.exd5 Nexd5 25.Bxd5 Nxd5 26.Qf3 Bc6 27.Qg3 Nf6 28.Rxd8+ Rxd8
29.bxa5 bxa5 30.Qf2 a4 31.Na1 Rd2 32.Qe3 Qd6 33.h3 Qd5 34.Qf2 h6 35.Nc2 Qe4
36.Ne3 Qd3 37.Re1 Ne4 38.Qf3 Nxc3 39.Nc1 Qd6 40.Qg4 Nxa2 41.Nxa2 Rxa2 42.Rc1 Bb7
43.Rd1 Qb6  0-1

[Event "Budapest FS08 IM-A"]
[Site "Budapest"]
[Date "1995.??.??"]
[Round "12"]
[White "Kiss, Gedeon"]
[Black "Meyer, P."]
[Result "1/2-1/2"]
[WhiteElo "2120"]
[BlackElo "2350"]

1.e4 c5 2.Nf3 e6 3.d4 cxd4 4.Nxd4 Nc6 5.Nc3 Qc7 6.Be2 a6 7.Be3 Nf6 8.O-O Bb4
9.Na4 Rb8 10.Nxc6 bxc6 11.c4 Be7 12.c5 O-O 13.Qd4 d5 14.e5 Nd7 15.f4 a5 16.a3 Qa7
17.b4 Ba6 18.Bxa6 Qxa6 19.Rfb1 f6 20.Nb6 Rfd8 21.Nxd7 Rxd7 22.f5 exf5 23.e6 Rdd8
24.Bf4 Rbc8 25.Qe3 Qa7 26.Qg3 g5 27.Bd2 d4 28.Re1 Rd5 29.Qh3 Kg7 30.Qh5 Rf8
31.Rab1 a4 32.Rbd1 Qc7 33.Bc1 d3 34.Re3 g4 35.Rexd3 Rxd3 36.Rxd3 Qe5 37.Rd1 Qe2  1/2-1/2

[Event "Budapest FS11 IM-A"]
[Site "Budapest"]
[Date "1995.??.??"]
[Round "12"]
[White "Peredy, Ferenc"]
[Black "Touzane, Olivier"]
[Result "1/2-1/2"]
[WhiteElo "2235"]
[BlackElo "2250"]

1.e4 c5 2.Nf3 Nc6 3.d4 cxd4 4.Nxd4 e6 5.Nc3 a6 6.g3 Qc7 7.Bg2 Nf6 8.O-O Nxd4
9.Qxd4 Bc5 10.Bf4 d6 11.Qd2 h6 12.Rad1 e5 13.Be3 Bg4 14.Bxc5 dxc5 15.Qd6 Qxd6
16.Rxd6 Rd8 17.Rxd8+ Kxd8 18.Nd5 Nd7 19.f3 Be6 20.Rd1 Kc8 21.a4 Rd8 22.Bf1 Nf6
23.Bc4 Nxd5 24.exd5 Kc7 25.Rd2 Bf5 26.g4 Bg6 27.c3 f5 28.gxf5 Bxf5 29.Kf2 g5
30.Ke3 Kd6 31.Bd3 Bd7 32.a5 Rf8 33.c4 Rf4 34.Be4 Rh4 35.Rg2 Rh3 36.Kd2 Rh4
37.Kc3 Rh3 38.Kd2 Rh4  1/2-1/2

[Event "Budapest FS11 IM-A"]
[Site "Budapest"]
[Date "1995.??.??"]
[Round "14"]
[White "Kutuzovic, Branko"]
[Black "Perdomo, Carlos Andres"]
[Result "1/2-1/2"]
[WhiteElo "2400"]
[BlackElo "2320"]

1.e4 c5 2.Nf3 e6 3.d4 cxd4 4.Nxd4 Nc6 5.Nc3 Qc7 6.g3 a6 7.Bg2 d6 8.O-O Bd7
9.a4 Be7 10.Nxc6 bxc6 11.a5 Nf6 12.Na4 Qxa5 13.Be3 Qc7 14.Nb6 Rb8 15.Rxa6 c5
16.Nxd7 Nxd7 17.b3 O-O  1/2-1/2

[Event "Buenos Aires Najdorf"]
[Site "Buenos Aires"]
[Date "1995.??.??"]
[Round "2"]
[White "De Firmian, Nick E"]
[Black "Giardelli, Sergio C"]
[Result "1/2-1/2"]
[WhiteElo "2605"]
[BlackElo "2445"]

1.e4 c5 2.Nf3 e6 3.d4 cxd4 4.Nxd4 Nc6 5.Nc3 Qc7 6.g3 a6 7.Bg2 d6 8.O-O Bd7
9.Nxc6 Bxc6 10.a4 Nf6 11.Re1 Be7 12.Be3 O-O 13.a5 Nd7 14.Na4 Rae8 15.Nb6 f5
16.Nxd7 Qxd7 17.Qd3 fxe4 18.Bxe4 Bxe4 19.Qxe4 d5 20.Qg4 Qc6 21.c3 e5 22.Rad1 Bc5
23.Qe2 Rf7 24.Rd2 Rd7 25.Red1 h6 26.Qh5 Re6  1/2-1/2

[Event "Buenos Aires op"]
[Site "Buenos Aires"]
[Date "1995.??.??"]
[Round "3"]
[White "Dolezal, Cristian"]
[Black "Fiorito, Fabian"]
[Result "1-0"]
[WhiteElo "2290"]
[BlackElo "2435"]

1.e4 c5 2.Nc3 Nc6 3.Nf3 e6 4.d4 cxd4 5.Nxd4 Qc7 6.Be2 a6 7.O-O Nf6 8.Kh1 Be7
9.f4 d6 10.Be3 O-O 11.Qe1 Nxd4 12.Bxd4 b5 13.Bd3 Bb7 14.Qg3 b4 15.Nd1 d5
16.Bxf6 Bxf6 17.e5 Bd8 18.Qh3 g6 19.Nf2 f5 20.exf6 Rxf6 21.Ng4 Rf8 22.Ne5 Bc8
23.Rf3 Bf6 24.Rg3 Bxe5 25.fxe5 Qg7 26.Qg4 a5 27.Re1 Bd7 28.Qg5 Rf2 29.h4 Raf8
30.h5 Be8 31.Qg4 Qf7 32.hxg6 hxg6 33.Bxg6 Qxg6 34.Qxe6+ Kg7 35.Qe7+ Kh8 36.Rxg6 Bxg6
37.Re3  1-0

[Event "Buenos Aires op"]
[Site "Buenos Aires"]
[Date "1995.??.??"]
[Round "3"]
[White "Seminara, Juan Pablo"]
[Black "Giardelli, Sergio C"]
[Result "0-1"]
[WhiteElo "2170"]
[BlackElo "2465"]

1.e4 c5 2.Nf3 e6 3.d4 cxd4 4.Nxd4 Nc6 5.Nc3 Qc7 6.Be3 Nf6 7.Bd3 Be7 8.O-O O-O
9.Nb3 a6 10.f4 d6 11.Qf3 b5 12.g4 Bb7 13.g5 Nd7 14.Qh3 b4 15.Ne2 Rfe8 16.Nbd4 Nc5
17.f5 Nxd4 18.Nxd4 e5 19.g6 fxg6 20.fxg6 h6 21.Nf5 Bf8 22.Bc4+ d5 23.exd5 Ne4
24.Bb3 Nd6 25.Nxh6+ gxh6 26.Rxf8+ Kxf8 27.Rf1+ Kg8 28.Rf7 Re7 29.Rf6 Rf8
30.Rxf8+ Kxf8 31.Bxh6+ Kg8 32.Bg5 Bc8 33.Qh6 Rg7 34.h4 Qd7  0-1

[Event "Buenos Aires op"]
[Site "Buenos Aires"]
[Date "1995.??.??"]
[Round "4"]
[White "Alonso, Salvador"]
[Black "Sorokin, Maxim"]
[Result "0-1"]
[WhiteElo "2270"]
[BlackElo "2535"]

1.e4 c5 2.Nf3 Nc6 3.d4 cxd4 4.Nxd4 e6 5.Nc3 Qc7 6.Be2 a6 7.O-O Nf6 8.Be3 Bb4
9.Nxc6 bxc6 10.Na4 Rb8 11.Bd3 d5 12.Qf3 Bd6 13.exd5 cxd5 14.Bg5 Bxh2+ 15.Kh1 Be5
16.a3 Bd7 17.Rae1 Bxa4 18.b3 Ne4 19.Bxe4 dxe4 20.Qxe4 Bd7 21.Qxe5 Qxe5 22.Rxe5 f6
23.Ra5 fxg5 24.Rd1 Rf8 25.Kg1 Rb6 26.Rxg5 g6 27.b4 Rc6 28.Rd2 Rf4 29.Ra5 Rfc4
30.f3 Bc8  0-1

[Event "Buenos Aires Najdorf"]
[Site "Buenos Aires"]
[Date "1995.??.??"]
[Round "5"]
[White "Spangenberg, Hugo"]
[Black "Sadler, Matthew"]
[Result "1/2-1/2"]
[WhiteElo "2490"]
[BlackElo "2565"]

1.e4 c5 2.Nc3 Nc6 3.Nf3 e6 4.d4 cxd4 5.Nxd4 Qc7 6.g3 a6 7.Bg2 Nf6 8.O-O Bc5
9.Nxc6 dxc6 10.Na4 Ba7 11.c4 Nd7 12.b4 a5 13.b5 e5 14.Rb1 Bd4 15.Bb2 c5 16.Bxd4 cxd4
17.c5 Nxc5 18.Qc2 b6 19.Rfc1 Be6 20.Nxc5 Qxc5 21.Qxc5 bxc5 22.Rxc5 Bxa2 23.Rxe5+ Kd7
24.Rd1 Rhd8 25.Rc5 Ke7 26.e5 Rab8 27.b6 Bb3 28.Rd2 Rxb6 29.Rxa5 Bc4 30.Be4 Rb5
31.Ra7+ Kf8 32.f4 Rb3 33.Kf2 h5 34.Rc7 Rc3 35.Bf3 Bd5 36.Rxc3 dxc3 37.Rc2 Bxf3
38.Kxf3 Rc8 39.Ke4 h4 40.Kd4 hxg3 41.hxg3 Ke7 42.g4 Rd8+ 43.Kxc3 f6 44.exf6+ gxf6
45.Rd2 Rg8 46.Rg2 Rd8 47.f5 Kf7 48.Rd2 Rc8+ 49.Kd3 Kg7  1/2-1/2

[Event "Buenos Aires VII Najdorf op"]
[Site "Buenos Aires"]
[Date "1995.??.??"]
[Round "6"]
[White "Lorenzini, Martin"]
[Black "Fiorito, Fabian"]
[Result "0-1"]
[WhiteElo "2265"]
[BlackElo "2450"]

1.e4 c5 2.Nf3 e6 3.d4 cxd4 4.Nxd4 Nc6 5.Nc3 Qc7 6.g3 a6 7.Bg2 Nf6 8.O-O d6
9.a4 Be7 10.Be3 O-O 11.f4 Rb8 12.Qe2 Nxd4 13.Bxd4 e5 14.Ba7 Ra8 15.Be3 Be6
16.Nd5 Bxd5 17.exd5 exf4 18.gxf4 Rfe8 19.Rfe1 Qd7 20.Qd3 Qg4 21.a5 Bf8 22.c4 g6
23.f5 Bg7 24.fxg6 hxg6 25.Bd4 Rxe1+ 26.Rxe1 Nxd5 27.Bxg7 Qxg2+ 28.Kxg2 Nf4+  0-1

[Event "Buenos Aires op"]
[Site "Buenos Aires"]
[Date "1995.??.??"]
[Round "6"]
[White "Alonso, Rodolfo"]
[Black "Giardelli, Sergio C"]
[Result "1/2-1/2"]
[WhiteElo "2200"]
[BlackElo "2465"]

1.e4 c5 2.Nf3 e6 3.d4 cxd4 4.Nxd4 Nc6 5.Nc3 Qc7 6.Be3 Nf6 7.Bd3 Be7 8.O-O O-O
9.Kh1 a6 10.f4 d6 11.Qe1 g6 12.a4 Re8 13.Nxc6 bxc6 14.e5 Ng4 15.exd6 Bxd6
16.Ne4 Be7 17.Bd2 f5 18.Ba5 Qb8 19.Nd2 Bd6 20.h3 Nf6 21.Bc3 Nd5 22.Be5 Bxe5
23.fxe5 Qxb2 24.Nc4 Qb4 25.Qh4 Rb8 26.a5 Bd7 27.Qg5 Qe7 28.Qxe7 Rxe7 29.Rfb1 Rb4
30.Nb6 c5 31.Bxa6 Bc6 32.Nxd5 exd5 33.Rxb4 cxb4 34.Bd3 Kf7 35.a6 Ke6 36.Rb1 Kxe5
37.Rxb4 d4 38.Kg1 Be4 39.Kf2 Ra7 40.Ra4 Kd5 41.g4 Kc5 42.Kg3 Bxd3 43.cxd3 fxg4
44.hxg4 h5 45.gxh5 gxh5 46.Kh4 Kb5 47.Rxd4 Rxa6 48.Kxh5 Kc5 49.Rd8 Ra4 50.Kg5  1/2-1/2

[Event "Buenos Aires VII Najdorf op"]
[Site "Buenos Aires"]
[Date "1995.??.??"]
[Round "7"]
[White "Langier, Daniel"]
[Black "Filgueira, Hernan"]
[Result "1-0"]
[WhiteElo "2395"]
[BlackElo "2300"]

1.e4 c5 2.Nf3 e6 3.d4 cxd4 4.Nxd4 Nc6 5.Nc3 Qc7 6.Be3 a6 7.Nxc6 bxc6 8.Na4 c5
9.c4 Bb7 10.Qc2 Nf6 11.f3 Be7 12.Bd3 Rc8 13.Nc3 d6 14.O-O O-O 15.Rad1 Rfe8
16.Qf2 Bf8 17.Qh4 Be7 18.Qh3 g6 19.f4 Nd7 20.f5 Bf6 21.fxe6 fxe6 22.Rd2 Re7
23.Rdf2 Rf8 24.Ne2 Bc8 25.Nf4 Rfe8 26.Bb1 Bg7 27.Nd3 Ne5 28.Nxe5 Bxe5 29.Kh1 Bd4
30.Bxd4 cxd4 31.Qh6 Rg7 32.Qf4 Rge7 33.Bd3 e5 34.Qh6 Rg7 35.b4 Be6 36.Qg5 Rf7
37.Rxf7 Bxf7 38.Qf6 Re6 39.Qf3 Re8 40.a4 a5 41.bxa5 Ra8 42.a6 Qe7 43.h3 Rxa6
44.c5 Rc6 45.cxd6 Rxd6 46.a5 Rd7 47.a6 Rc7 48.Qf6  1-0

[Event "Buenos Aires op"]
[Site "Buenos Aires"]
[Date "1995.??.??"]
[Round "8"]
[White "Giaccio, Alfredo"]
[Black "Giardelli, Sergio C"]
[Result "0-1"]
[WhiteElo "2390"]
[BlackElo "2465"]

1.e4 c5 2.Nf3 e6 3.d4 cxd4 4.Nxd4 Nc6 5.Nc3 Qc7 6.Be3 Nf6 7.Bd3 Be7 8.O-O O-O
9.f4 d6 10.Nb3 a6 11.Qf3 b5 12.Rae1 b4 13.Na4 Rb8 14.g4 Re8 15.g5 Nd7 16.Qf2 Bd8
17.Nd2 Nf8 18.b3 d5 19.exd5 exd5 20.f5 Ne5 21.Bf4 f6 22.Qd4 Bb7 23.Re2 Rc8
24.Rfe1 Qf7 25.gxf6 Nxd3 26.cxd3 Bxf6 27.Qxb4 Rxe2 28.Rxe2 Rc2 29.Rf2 Bc8
30.Bg3 a5 31.Qf4 Rxa2 32.Nf3 Ra1+ 33.Kg2 Qh5 34.Nd4 Qd1 35.Nc5 g5 36.Qd6 g4  0-1

[Event "Buenos Aires op"]
[Site "Buenos Aires"]
[Date "1995.??.??"]
[Round "9"]
[White "Rodriguez, Ad"]
[Black "Fiorito, Fabian"]
[Result "1-0"]
[WhiteElo "2260"]
[BlackElo "2435"]

1.e4 c5 2.Nf3 e6 3.d4 cxd4 4.Nxd4 Nc6 5.Nc3 Qc7 6.g3 a6 7.Bg2 d6 8.O-O Bd7
9.Nxc6 Bxc6 10.Qe2 Be7 11.a4 Nf6 12.Be3 b6 13.f4 O-O 14.g4 d5 15.e5 Nd7 16.Qf2 b5
17.axb5 axb5 18.Ne2 b4 19.Nd4 Bb7 20.h3 Ba6 21.Rfe1 Bc5 22.Rab1 Rac8 23.Rbd1 Qb6
24.Qg3 Nb8 25.f5 Nc6 26.c3 bxc3 27.bxc3 Nxd4 28.cxd4 Bb4 29.Rb1 Qa5 30.Red1 Be2
31.Ra1 Bxd1 32.Rxa5 Bxa5 33.f6 Rfd8 34.Qf4 Bb4 35.Qg5 g6 36.Bd2 Bf8 37.Ba5 Rd7
38.Qd2 Ba4 39.Bb6 Rb7 40.Bc5 Rxc5 41.dxc5 Bxc5+ 42.Kh2 Bf8 43.h4 Rb4 44.Kg3 Rc4
45.h5 Bb4 46.Qh6 Rc3+ 47.Kh2 Bf8 48.Qd2 Rc2 49.Qa5 Rc4 50.Kg3 Bd1 51.Bf3 Ra4
52.Qd2 Bb3 53.Qb2 Ra3 54.Qd4 Bc4 55.Kg2 Ra2+ 56.Kg3 Bb4 57.Qb6 Be1+ 58.Kf4 g5+
59.Kxg5  1-0

[Event "BUL-ch"]
[Site "?"]
[Date "1995.??.??"]
[Round "?"]
[White "Petrov, Marijan"]
[Black "Semkov, Semko"]
[Result "1-0"]
[WhiteElo "2385"]
[BlackElo "2465"]

1.e4 c5 2.Nf3 e6 3.d4 cxd4 4.Nxd4 Nc6 5.Nc3 Qc7 6.Be3 a6 7.Qd2 b5 8.O-O-O b4
9.Na4 Nf6 10.f3 Rb8 11.Bf4 Ne5 12.Bxe5 Qxe5 13.Nc6 Qc7 14.Nxb8 Qxb8 15.Qd4 Be7
16.Bc4 d6 17.Qb6 Qa8 18.Rxd6 Nd7 19.Qc6 Qb8 20.Rdd1 Bg5+ 21.Kb1 Ke7 22.Bxa6 Ne5
23.Qc5+ Kf6 24.Be2  1-0

[Event "Bytom op"]
[Site "Bytom"]
[Date "1995.??.??"]
[Round "?"]
[White "Cyborowski, Lukasz"]
[Black "Kazek, Krzysztof"]
[Result "1-0"]
[WhiteElo "2210"]
[BlackElo "2255"]

1.e4 c5 2.Nf3 e6 3.d4 cxd4 4.Nxd4 Nc6 5.Nc3 Qc7 6.Be2 a6 7.O-O Nf6 8.Be3 Be7
9.f4 d6 10.Qe1 O-O 11.Bf3 Bd7 12.a4 Nxd4 13.Bxd4 Bc6 14.a5 Nd7 15.Be3 b5
16.axb6 Nxb6 17.Be2 Bb7 18.Bd3 Nc4 19.Bc1 d5 20.e5 Rac8 21.Kh1 g6 22.Ne2 Bc5
23.Qh4 Qd8 24.Qg3 f5 25.b3 Nb6 26.Bb2 Ra8 27.Nd4 Qe7 28.Rfd1 Kh8 29.Qe1 Bb4
30.Bc3 Bc5 31.Ra4 Nd7 32.Rda1 Bxd4 33.Bxd4 g5 34.Bxa6 Bxa6 35.Rxa6 Rxa6 36.Rxa6 gxf4
37.Qf2 Rg8 38.h3 Nf8 39.Bc5 Qf7 40.Bxf8 Rxf8 41.Qxf4 Rc8 42.c4 dxc4 43.bxc4 Rg8
44.c5 Rxg2 45.Ra8+ Rg8 46.Rxg8+ Qxg8 47.c6 Qa8 48.Qc4 Qa1+ 49.Kg2 Qb2+ 50.Kf3 Qa3+
51.Ke2 Qb2+ 52.Kd3 Qb1+ 53.Qc2 Qb5+ 54.Qc4 Qb1+ 55.Kc3  1-0

[Event "Caceres"]
[Site "Caceres"]
[Date "1995.??.??"]
[Round "?"]
[White "Rojo Huerta, Gabriel"]
[Black "Gaspar, Artur"]
[Result "1/2-1/2"]
[WhiteElo "2360"]
[BlackElo "2265"]

1.e4 c5 2.Nf3 e6 3.d4 cxd4 4.Nxd4 Nc6 5.Nc3 Qc7 6.Be2 a6 7.O-O Nf6 8.Be3 Be7
9.f4 d6 10.Qe1 O-O 11.Qg3 Nxd4 12.Bxd4 b5 13.a3 Bb7 14.Bd3 d5 15.Kh1 g6 16.e5 Nd7
17.f5 exf5 18.Bxf5 Bc5 19.Bxc5 Nxc5 20.Rad1 Rad8 21.Rd4  1/2-1/2

[Event "Caceres"]
[Site "Caceres"]
[Date "1995.??.??"]
[Round "?"]
[White "Llanes Hurtado, Miguel"]
[Black "Gaspar, Artur"]
[Result "1/2-1/2"]
[WhiteElo "2265"]
[BlackElo "2265"]

1.e4 c5 2.Nf3 e6 3.d4 cxd4 4.Nxd4 Nc6 5.Nc3 Qc7 6.Be2 a6 7.O-O Nf6 8.Be3 Be7
9.f4 d6 10.a4 O-O 11.Nb3 b6 12.Bf3 Rb8 13.Qe2 Re8 14.g4 Bf8 15.g5  1/2-1/2